| 000 -LEADER |
| fixed length control field |
00671nam a2200181 a 4500 |
| 020 ## - INTERNATIONAL STANDARD BOOK NUMBER |
| ISBN |
2110659068 |
| 040 ## - CATALOGING SOURCE |
| Transcribing agency |
DLC |
| 082 ## - DEWEY DECIMAL CLASSIFICATION NUMBER |
| Classification number |
337 REP 1990 A072 Or. |
| 245 00 - TITLE STATEMENT |
| Title |
20 ans de comptes nationaux : |
| Remainder of title |
1970-1989 / |
| 260 ## - PUBLICATION, DISTRIBUTION, ETC. (IMPRINT) |
| Place of publication |
Paris : |
| Name of publisher |
République française, Ministère de l'économie, des finances et du budget, Institut national de la statistique et des études économiques, |
| Year of publication |
c1990. |
| 300 ## - PHYSICAL DESCRIPTION |
| Number of Pages |
344 p. ; |
| Dimensions |
30 cm. |
| 490 1# - SERIES STATEMENT |
| Series statement |
INSEE résultats ; |
| -- |
Economie générale, |
| 650 #0 - SUBJECT ADDED ENTRY--TOPICAL TERM |
| Topical Term |
National income |
| 700 1# - ADDED ENTRY--PERSONAL NAME |
| Personal name |
Besse, Hélène. |
| 700 1# - ADDED ENTRY--PERSONAL NAME |
| Personal name |
Viguier, André. |
| 710 2# - ADDED ENTRY--CORPORATE NAME |
| Corporate name or jurisdiction name as entry element |
Institut national de la statistique et des études économiques (France) |
| 942 ## - ADDED ENTRY ELEMENTS (KOHA) |
| Koha item type |
សៀវភៅភាសាអង់គ្លេស |
| 952 ## - LOCATION AND ITEM INFORMATION (KOHA) |
| Withdrawn status [LOCAL, KOHA] |
0 |